000 00629nam a2200121Ia 4500
008 220615s9999||||xx |||||||||||||| ||und||
100 _aZiolkowski, Jan M. (Author)
245 4 _aThe Juggler of Notre Dame and the Medievalizing of Modernity. Volume 4: Picture That: Making a Show of the Jongleur
546 _aEnglish[eng]
650 _amedievalism||medieval studies||Le jongleur de Notre Dame||Middle Ages||folklore||Jules Massenet||art history||Modernity||literary history||classical music||reception studies||philology||Mary Garden||performance studies
856 _uhttps://www.openbookpublishers.com/reader/820
942 _cEB
999 _c10036
_d10036